|
|
|
|
| LEADER |
00000naa2a2200000 4500 |
| 001 |
196211 |
| 005 |
20260126130736.0 |
| 035 |
|
|
|a (RuTPU)RU\TPU\book\214054
|
| 090 |
|
|
|a 196211
|
| 100 |
|
|
|a 20110519d2009 k y0rusy50 ca
|
| 101 |
0 |
|
|a rus
|
| 102 |
|
|
|a RU
|
| 200 |
1 |
|
|a Динамика структуры контактного слоя "щётка-коллектор"
|f Д. К. Наурызбеков, Ю. С. Боровиков
|
| 320 |
|
|
|a Библиогр.: 8 назв.
|
| 463 |
|
1 |
|0 (RuTPU)RU\TPU\book\208678
|t Электромеханические преобразователи энергии
|o материалы IV Международной научно-технической конференции, 13-16 октября 2009 г., Томск
|f Российский фонд фундаментальных исследований (РФФИ) [и др.]
|v С. 91-94
|d 2009
|
| 610 |
1 |
|
|a электрические машины
|
| 610 |
1 |
|
|a скольжение
|
| 610 |
1 |
|
|a контактный слой
|
| 610 |
1 |
|
|a скользящий контакт
|
| 610 |
1 |
|
|a структура
|
| 610 |
1 |
|
|a труды учёных ТПУ
|
| 700 |
|
1 |
|a Наурызбеков
|b Д. К.
|
| 701 |
|
1 |
|a Боровиков
|b Ю. С.
|c специалист в области электроэнергетики
|c проректор-директор Энергетического института Томского политехнического университета, кандидат технических наук
|f 1978-
|g Юрий Сергеевич
|3 (RuTPU)RU\TPU\pers\27067
|
| 801 |
|
1 |
|a RU
|b 63413507
|c 20110519
|
| 801 |
|
2 |
|a RU
|b 63413507
|c 20140313
|g RCR
|
| 942 |
|
|
|c BK
|